| 000 | 00437nab a2200145Ia 4500 | ||
|---|---|---|---|
| 003 | ES-SlBCS | ||
| 005 | 20210601130449.0 | ||
| 008 | 140529s1963 xxu||||| |||| 00| 0 fre d | ||
| 041 | _afre | ||
| 100 | 1 |
_aSaint-Robert, Philippe de _9173297 |
|
| 245 | 0 | 0 |
_aMéditation sur César _c Philippe de Saint-Robert |
| 600 | 1 | 4 |
_aCésar _9173308 |
| 773 | 0 |
_tGiornali di Metafisica _gvol. 18, nº. 2-3, 1963, págs. 156-164 _w0017-0372 |
|
| 942 | _cAR | ||
| 999 |
_c547124 _d547124 |
||